| 000 | 01155cam a22002891i 4500 | ||
|---|---|---|---|
| 003 | SA-RiAUC | ||
| 005 | 20240916150409.0 | ||
| 008 | 240912s2005 jo g b 000 0 ara c | ||
| 020 | _a9960013375 | ||
| 040 |
_aSA-JeKAU _bara _cSA-RiAUC _erda |
||
| 082 | 0 | 4 | _a253.9 |
| 090 |
_a253.9 _b ر ب ع |
||
| 100 | 1 |
_aالربعي، عبد الله بن محمد _eمؤلف. |
|
| 245 | 1 | 2 |
_aالتخريج الفقهي لاستعمال بطاقة الصراف الآلي / _cعبد الله محمد صالح الربعي. |
| 250 | _aالطبعة الأولى. | ||
| 264 | 1 |
_aالرياض : _bمكتبة الرشد، _c2005 |
|
| 300 |
_a32 صفحة ؛ _c24 سم. |
||
| 336 |
_aنص _btxt _2rdacontent _3كتاب |
||
| 337 |
_aبدون وسيط _bn _2rdamedia |
||
| 338 |
_aمجلد _bnc _2rdacarrier |
||
| 440 | 0 |
_aسلسلة دراسات فقهية في معاملات مالية معاصرة _v2 |
|
| 504 | _aببليوجرافية : صفحة 21-23. | ||
| 650 | 7 |
_aالمعاملات (فقه إسلامي) _2aucsh |
|
| 650 | 7 |
_aالنقود الورقية (فقه إسلامي) _2aucsh |
|
| 942 |
_2ddc _cBOOK |
||
| 949 |
_aSA-JeALM _d240912 _umohamedma123 _n1 |
||
| 999 |
_c309 _d309 |
||